czasowniki z etre - Statystyki

Ogólne statystyki
  • Ten quiz został rozwiązany 18 razy
  • Średni wynik to 7 z 13
Statystyki odpowiedzi
Hint Odpowiedź % Poprawnych
iść aller
100%
zejść na dół descendre
67%
wchodzić entre
67%
wejść na górę monter
67%
odejść partir
67%
wyjść sortir
67%
przyjść venir
67%
przybyć arriver
33%
umrzeć mourir
33%
urodzić się naitre
33%
wrócić rentere
33%
zostać rester
33%
upaść tomber
33%
Nie znaleziono quizów pasujących do podanych kryteriów
Rozkład punktacji
Procent ludzi z każdym wynikiem
Percentyl według liczby udzielonych odpowiedzi
Twoja historia wyników
Nie rozwiązałeś tego quizu